[Event "International Chess Tournament Paracin 2"]
[Site "Paracin, Serbia"]
[Date "2022.07.08"]
[Round "1.1"]
[White "Predke, Alexandr"]
[Black "Sanket, Chakravarty"]
[Result "1-0"]
[WhiteElo "2688"]
[BlackElo "2209"]
[PlyCount "83"]
[EventDate "2022.??.??"]

1. e4 c5 2. Nc3 Nc6 3. Bb5 Nd4 4. Nf3 a6 5. Bd3 g6 6. O-O Bg7 7. Re1 Nh6 8. Rb1
b5 9. b3 Bb7 10. a4 b4 11. Nxd4 cxd4 12. Nd5 a5 13. Bc4 e6 14. Nf4 O-O 15. d3
Kh8 16. Qf3 Rc8 17. Qh3 Ng8 18. Rb2 Ne7 19. Ne2 Rc5 20. Bh6 Rh5 21. Bxg7+ Kxg7
22. Qg3 e5 23. Rbb1 d5 24. exd5 Nxd5 25. Bxd5 Qxd5 26. Rbd1 f6 27. f4 Rf5 28.
Rf1 Kh8 29. Rf2 Qc6 30. Rdf1 Qd5 31. Qg4 Rf7 32. h3 h5 33. Qg3 Rg7 34. Qh4 Kg8
35. fxe5 fxe5 36. Ng3 Rxf2 37. Rxf2 Rf7 38. Re2 Rf4 39. Qg5 Qf7 40. Rxe5 Rf2
41. Ne4 Bxe4 42. dxe4 1-0

[Event "International Chess Tournament Paracin 2"]
[Site "Paracin, Serbia"]
[Date "2022.07.08"]
[Round "1.2"]
[White "Srija, Seshadri"]
[Black "Praggnanandhaa, R."]
[Result "0-1"]
[WhiteElo "2208"]
[BlackElo "2648"]
[PlyCount "58"]
[EventDate "2022.??.??"]

1. e4 c5 2. Nf3 Nc6 3. d4 cxd4 4. Nxd4 Nf6 5. Nc3 d6 6. Bc4 Qb6 7. Nb3 e6 8.
Qe2 a6 9. Be3 Qc7 10. f4 Be7 11. O-O-O b5 12. Bd3 Bb7 13. g4 Nb4 14. Kb1 d5 15.
e5 Nd7 16. Rhe1 O-O 17. Bd4 Rfc8 18. f5 Nxd3 19. Rxd3 b4 20. Nd1 a5 21. f6 gxf6
22. exf6 Bxf6 23. Rf3 a4 24. Rxf6 axb3 25. Nc3 Nxf6 26. Bxf6 bxc3 27. Qe3 cxb2
28. Qg5+ Kf8 29. Qh6+ Ke8 0-1

[Event "International Chess Tournament Paracin 2"]
[Site "Paracin, Serbia"]
[Date "2022.07.08"]
[Round "1.3"]
[White "Petrov, Nikita"]
[Black "Veselov, Yaroslav"]
[Result "1-0"]
[WhiteElo "2558"]
[BlackElo "2206"]
[PlyCount "57"]
[EventDate "2022.??.??"]

1. d4 Nf6 2. c4 e6 3. Nc3 Bb4 4. e3 O-O 5. Bd3 c5 6. Nge2 cxd4 7. exd4 d5 8.
cxd5 Nxd5 9. Bc2 Nd7 10. a3 Nxc3 11. bxc3 Be7 12. Qd3 Nf6 13. Bg5 g6 14. h4 Qa5
15. Qf3 Qd5 16. Qf4 Nh5 17. Qe3 Qxg2 18. Be4 Bxg5 19. hxg5 Qg4 20. Bf3 Qf5 21.
Bxh5 gxh5 22. Ng3 Qd5 23. Rxh5 e5 24. Ne4 exd4 25. Nf6+ Kg7 26. Rxh7+ Kg6 27.
Rh6+ Kg7 28. Qf4 Qe6+ 29. Kf1 1-0

[Event "International Chess Tournament Paracin 2"]
[Site "Paracin, Serbia"]
[Date "2022.07.08"]
[Round "1.4"]
[White "Balabayeva, Xeniya"]
[Black "Makarian, Rudik"]
[Result "0-1"]
[WhiteElo "2198"]
[BlackElo "2533"]
[PlyCount "76"]
[EventDate "2022.??.??"]

1. d4 Nf6 2. Nf3 b6 3. Bg5 Bb7 4. Nbd2 g6 5. Bxf6 exf6 6. e4 Bh6 7. Bd3 O-O 8.
O-O Re8 9. Re1 d6 10. c3 Nd7 11. b4 Nf8 12. a4 a6 13. d5 f5 14. c4 fxe4 15.
Nxe4 Bg7 16. Ra2 a5 17. b5 Nd7 18. Rae2 Ne5 19. Nd4 f5 20. Nc3 Qh4 21. Nc6 Rf8
22. Nxe5 Bxe5 23. g3 Qd4 24. Nb1 f4 25. g4 f3 26. Re4 Bxh2+ 27. Kh1 Qxf2 28.
Qd2 Bg3 29. Qxf2 Bxf2 30. Rf1 Bc5 31. Nd2 f2 32. Kg2 Rae8 33. Rxe8 Rxe8 34. Ne4
Kg7 35. Nxc5 dxc5 36. Rxf2 Bc8 37. Be2 Re4 38. Kf3 Rxg4 0-1

[Event "International Chess Tournament Paracin 2"]
[Site "Paracin, Serbia"]
[Date "2022.07.08"]
[Round "1.5"]
[White "Zanan, Evgeny"]
[Black "Radojicic, Aleksandar M"]
[Result "1-0"]
[WhiteElo "2521"]
[BlackElo "2188"]
[PlyCount "73"]
[EventDate "2022.??.??"]

1. e4 c5 2. Nf3 e6 3. Nc3 a6 4. a4 Nc6 5. d4 cxd4 6. Nxd4 Qc7 7. Nxc6 bxc6 8.
Bd3 Nf6 9. Qe2 d5 10. O-O Be7 11. f4 h5 12. e5 Nd7 13. a5 g6 14. Nd1 Nc5 15.
Be3 Nxd3 16. cxd3 c5 17. d4 Bd7 18. Qf2 c4 19. Bd2 Rb8 20. Bc3 Bb4 21. Ne3 Rb5
22. Qh4 Qd8 23. Qh3 Be7 24. g4 Qc8 25. Kh1 Kd8 26. f5 Kc7 27. fxg6 fxg6 28. Rf7
Qe8 29. Raf1 Bg5 30. Nc2 Rb7 31. Bb4 Bh6 32. Bd6+ Kc6 33. Qa3 Rb5 34. g5 Qd8
35. Nb4+ Kb7 36. gxh6 Rxa5 37. Rxd7+ 1-0

[Event "International Chess Tournament Paracin 2"]
[Site "Paracin, Serbia"]
[Date "2022.07.08"]
[Round "1.6"]
[White "Efremov, Vladislav"]
[Black "Santiago, Yago De Moura"]
[Result "1/2-1/2"]
[WhiteElo "2185"]
[BlackElo "2513"]
[PlyCount "82"]
[EventDate "2022.??.??"]

1. d4 Nf6 2. c4 e6 3. Nf3 d5 4. Nc3 c5 5. cxd5 exd5 6. g3 Nc6 7. Bg2 cxd4 8.
Nxd4 Bc5 9. Nb3 Bb6 10. O-O d4 11. Na4 O-O 12. Bg5 Re8 13. Re1 h6 14. Nxb6 axb6
15. Bxc6 bxc6 16. Bxf6 Qxf6 17. Qxd4 Qd8 18. Qxd8 Rxd8 19. Rad1 Rxd1 20. Rxd1
Be6 21. Nc1 Bxa2 22. Nxa2 Rxa2 23. Rd8+ Kh7 24. Rd6 Ra1+ 25. Kg2 Rc1 26. Kf3
Rc2 27. Ke3 g5 28. Kd3 Rxb2 29. Rxc6 Kg7 30. g4 b5 31. Rb6 b4 32. Ke3 b3 33.
Kf3 Rb1 34. e3 f6 35. Rb7+ Kg6 36. h3 h5 37. Kg2 b2 38. Kf3 h4 39. Kg2 Kh6 40.
Kf3 Kg6 41. Kg2 Kh6 1/2-1/2

[Event "International Chess Tournament Paracin 2"]
[Site "Paracin, Serbia"]
[Date "2022.07.08"]
[Round "1.8"]
[White "Lever, Erwan"]
[Black "Gundavaa, Bayarsaikhan"]
[Result "0-1"]
[WhiteElo "2178"]
[BlackElo "2503"]
[PlyCount "56"]
[EventDate "2022.??.??"]

1. d4 Nf6 2. c4 g6 3. Nc3 Bg7 4. e4 d6 5. Be2 O-O 6. Nf3 Na6 7. Be3 e5 8. d5
Ng4 9. Bg5 f6 10. Bh4 Qe8 11. h3 Nh6 12. g4 Nf7 13. Nd2 Bh6 14. a3 c5 15. dxc6
bxc6 16. Bxf6 Bg5 17. Bxg5 Nxg5 18. b4 Qf7 19. f3 Qf4 20. Nf1 Nc7 21. Kf2 Nce6
22. Qd2 Qf6 23. Nh2 Nd4 24. Raf1 Nxh3+ 25. Kg3 Nf4 26. Bd1 Qg5 27. Rf2 Qh6 28.
a4 Qh3# 0-1

[Event "International Chess Tournament Paracin 2"]
[Site "Paracin, Serbia"]
[Date "2022.07.08"]
[Round "1.9"]
[White "Arjun, Kalyan"]
[Black "Granovskiy, Alexandr"]
[Result "1-0"]
[WhiteElo "2499"]
[BlackElo "2177"]
[PlyCount "135"]
[EventDate "2022.??.??"]

1. e4 c5 2. Nf3 e6 3. d4 cxd4 4. Nxd4 Nf6 5. Nc3 Nc6 6. Nxc6 bxc6 7. e5 Nd5 8.
Ne4 Qc7 9. f4 Qb6 10. c4 Bb4+ 11. Ke2 f5 12. exf6 Nxf6 13. Be3 Qd8 14. Nd6+
Bxd6 15. Qxd6 c5 16. Qxc5 Bb7 17. Kd1 Kf7 18. Bd3 d6 19. Qg5 d5 20. Ke2 d4 21.
Bf2 Qb6 22. Qb5 Qxb5 23. cxb5 Bxg2 24. Rhg1 Nd5 25. Rxg2 Nxf4+ 26. Kf3 Nxd3 27.
Bxd4 e5 28. Ke4 Rhd8 29. Bxe5 Nxe5 30. Kxe5 Rd3 31. Rc1 Re8+ 32. Kf4 Rd4+ 33.
Kg3 Re3+ 34. Kf2 Re7 35. Kg1 g6 36. Rf2+ Kg7 37. Rc5 Kh6 38. a3 Red7 39. Re5
Rd3 40. Kg2 Rb3 41. Rfe2 Rf7 42. Kg1 Rf4 43. Re7 Ra4 44. Rb7 Ra5 45. Ree7 Raxb5
46. Rxh7+ Kg5 47. Rxb5+ Rxb5 48. b4 a5 49. Rh3 Kf4 50. Kg2 Ke4 51. Rg3 Kf4 52.
h3 Rd5 53. Rf3+ Ke4 54. Kg3 Rg5+ 55. Kh4 Rg1 56. Rg3 Rb1 57. Rxg6 axb4 58. axb4
Kf5 59. Rg5+ Kf6 60. Rg4 Kf5 61. Kh5 Rd1 62. b5 Rd8 63. Rg5+ Kf4 64. Rg4+ Kf5
65. Kh4 Ke5 66. b6 Kd5 67. Rb4 Kc5 68. Rb3 1-0

[Event "International Chess Tournament Paracin 2"]
[Site "Paracin, Serbia"]
[Date "2022.07.08"]
[Round "1.11"]
[White "Makhnev, Denis"]
[Black "Andreev, Konstantin"]
[Result "1-0"]
[WhiteElo "2492"]
[BlackElo "2174"]
[PlyCount "97"]
[EventDate "2022.??.??"]

1. d4 Nf6 2. c4 e6 3. Nf3 d5 4. Nc3 dxc4 5. e3 a6 6. Bxc4 b5 7. Bb3 Bb7 8. O-O
c5 9. e4 cxd4 10. Nxd4 Nc6 11. Be3 Be7 12. Nxc6 Qxd1 13. Rfxd1 Bxc6 14. f3 O-O
15. Ne2 Rfd8 16. Nd4 Bb7 17. Rac1 Rac8 18. Rxc8 Rxc8 19. Nxe6 fxe6 20. Bxe6+
Kf8 21. Bxc8 Bxc8 22. Rc1 Be6 23. b3 a5 24. Bc5 Nd7 25. Bxe7+ Kxe7 26. Rc7 a4
27. Rb7 axb3 28. axb3 Bxb3 29. Rxb5 Be6 30. Kf2 g6 31. Ke3 Kf6 32. Kd4 h5 33.
Rb7 Ke7 34. f4 Kf6 35. h3 Ke7 36. Ke3 Kf6 37. Kf3 Ke7 38. g4 hxg4+ 39. hxg4 Kf6
40. Rb5 Bc4 41. Ra5 Be6 42. Kg3 Bc4 43. Ra7 Nc5 44. Kf3 Bd3 45. Ke3 Bxe4 46.
g5+ Ke6 47. Ra5 Nd7 48. Kxe4 Kf7 49. Ra7 1-0

[Event "International Tournament "]
[Site "Pool "]
[Date "2022.07.08"]
[Round "1.21"]
[White "Srihari, L R."]
[Black "Ilamparthi, A R."]
[Result "1-0"]
[WhiteElo "2431"]
[BlackElo "2153"]
[PlyCount "97"]
[EventDate "2022.07.08"]

1. d4 Nf6 2. c4 g6 3. g3 Bg7 4. Bg2 O-O 5. Nc3 d6 6. Nf3 Nbd7 7. O-O e5 8. e4
exd4 9. Nxd4 Re8 10. h3 Nc5 11. Re1 c6 12. Bf4 Nh5 13. Be3 a5 14. a4 Qb6 15.
Qc2 Nf6 16. b3 Nfd7 17. Rab1 Qc7 18. Red1 Na6 19. Qd2 Ndc5 20. Nde2 f5 21. Qxd6
Qxd6 22. Rxd6 fxe4 23. g4 Be6 24. Nxe4 Nxe4 25. Bxe4 Bxg4 26. Bxc6 Bxe2 27.
Bd5+ Kf8 28. Bxb7 Nb4 29. Bxa8 Rxa8 30. Re1 Bf3 31. Bc5 Kg8 32. Re3 Bh5 33. Rd7
Nc2 34. Ree7 Bf8 35. Re5 Ne1 36. Kf1 Nf3 37. Red5 Bxc5 38. Rxc5 Re8 39. Kg2
Ne1+ 40. Kg3 Rf8 41. f4 h6 42. Rxa5 g5 43. fxg5 Rf3+ 44. Kh2 Rf2+ 45. Kg1 Re2
46. Ra8+ Be8 47. Kf1 Re4 48. Rdd8 Kf7 49. Rxe8 1-0

[Event "International Tournament "]
[Site "Pool "]
[Date "2022.07.08"]
[Round "1.22"]
[White "Joshua, A P."]
[Black "Samant, Aditya S"]
[Result "0-1"]
[WhiteElo "2153"]
[BlackElo "2431"]
[PlyCount "98"]
[EventDate "2022.07.08"]

1. Nf3 d5 2. g3 c6 3. Bg2 Bg4 4. O-O e6 5. h3 Bh5 6. d3 Bd6 7. c4 Ne7 8. Qb3
Nd7 9. cxd5 exd5 10. Nc3 O-O 11. e4 Nc5 12. Qc2 Ne6 13. Ne2 f5 14. Nfd4 Nxd4
15. Nxd4 Qd7 16. exd5 Nxd5 17. Bd2 Bc7 18. Rae1 f4 19. Bxd5+ cxd5 20. Ne6 Rac8
21. g4 Bxg4 22. Nxf8 Qf5 23. Kh2 f3+ 24. Kg1 Bxh3 25. Qa4 Bxf1 26. Qd7 Qxd7 27.
Nxd7 Bxd3 28. Rc1 Bf5 29. Bf4 Bxd7 30. Rxc7 Rxc7 31. Bxc7 d4 32. Kf1 Kf7 33.
Bb8 a6 34. Be5 d3 35. Ke1 g5 36. Bc3 g4 37. Bd2 Kg6 38. Bb4 Kf6 39. Ba5 Kf5 40.
Bd8 Ke4 41. Bh4 h5 42. Kd2 Be6 43. b3 b5 44. Bg3 a5 45. Bh4 a4 46. bxa4 bxa4
47. a3 Kd4 48. Bf6+ Kc4 49. Bh4 Bf5 0-1

[Event "International Tournament "]
[Site "Pool "]
[Date "2022.07.08"]
[Round "1.23"]
[White "Urazayev, Arystanbek"]
[Black "Makridis, Dimitrios"]
[Result "1-0"]
[WhiteElo "2430"]
[BlackElo "2152"]
[Annotator "Balkanchess"]
[PlyCount "55"]
[EventDate "2022.07.08"]

1. d4 d5 2. c4 e6 3. Nc3 h6 4. Nf3 Nf6 5. g3 Bd6 6. Bg2 O-O 7. O-O Nc6 8. b3
dxc4 9. bxc4 e5 10. Nxe5 Nxe5 11. c5 Bxc5 12. dxc5 Qe7 13. Nd5 Nxd5 14. Qxd5
Rd8 15. Qe4 Qxc5 16. Bf4 Re8 17. Rfd1 f6 18. Rac1 Qe7 19. Bxe5 fxe5 20. Qg6 Be6
21. Bxb7 Bf7 22. Qa6 Rad8 23. Rxd8 Rxd8 24. Qxa7 c6 25. Qa5 c5 26. Be4 c4 27.
a4 Rb8 28. Bd5 {...39} 1-0

[Event "International Tournament "]
[Site "Pool "]
[Date "2022.07.08"]
[Round "1.24"]
[White "Mohota, Nisha"]
[Black "Gan-Erdene, Sugar"]
[Result "0-1"]
[WhiteElo "2148"]
[BlackElo "2428"]
[PlyCount "126"]
[EventDate "2022.07.08"]

1. e4 c5 2. Nf3 d6 3. d4 cxd4 4. Nxd4 Nf6 5. Nc3 Nc6 6. g3 Bd7 7. Bg2 g6 8.
Nxc6 Bxc6 9. O-O Bg7 10. Nd5 e6 11. Nxf6+ Bxf6 12. c3 O-O 13. Be3 Qc7 14. Qc2
Rfd8 15. Rfd1 Qa5 16. a4 Qc7 17. c4 Qa5 18. Ra2 Rac8 19. Qd2 Qc7 20. a5 Qb8 21.
Qb4 Rd7 22. b3 Rcd8 23. Rad2 Be7 24. Qc3 b5 25. axb6 axb6 26. Bh6 e5 27. Qe3
Ra7 28. h4 Ra3 29. Kh2 Rc8 30. Bf1 Qc7 31. f3 Rca8 32. Rd3 Ra2+ 33. R3d2 R8a3
34. Rxa2 Rxa2+ 35. Rd2 Ra1 36. Qd3 Qa7 37. Be3 Qa5 38. Be2 Qb4 39. Bd1 Kg7 40.
Qc2 Ra8 41. Qb2 Bb7 42. Kg2 Rc8 43. Be2 Bc6 44. Rc2 Qa5 45. b4 Qa7 46. c5 bxc5
47. bxc5 Bf6 48. Qc1 d5 49. exd5 Bxd5 50. Bc4 Bc6 51. Be2 h5 52. Bh6+ Kh7 53.
Be3 Be7 54. Rc3 Ra8 55. Rc2 Rb8 56. Kf2 Qd7 57. Kg2 Qf5 58. Qd2 Rd8 59. Qc3 Bf6
60. Qc4 Bd5 61. Qa4 Ra8 62. Rc4 Rxa4 63. Rxa4 Qc2 0-1

[Event "International Tournament "]
[Site "Pool "]
[Date "2022.07.08"]
[Round "1.25"]
[White "Savic, Miodrag R"]
[Black "Jain, Kashish Manoj"]
[Result "1/2-1/2"]
[WhiteElo "2418"]
[BlackElo "2147"]
[PlyCount "82"]
[EventDate "2022.07.08"]

1. e4 c5 2. c3 d5 3. exd5 Qxd5 4. Nf3 g6 5. Na3 Bg7 6. Bc4 Qe4+ 7. Be2 Nf6 8.
O-O Nc6 9. d3 Qd5 10. d4 cxd4 11. Nb5 Qd8 12. Nbxd4 Nxd4 13. Qxd4 Qxd4 14. Nxd4
O-O 15. Re1 e5 16. Nb5 Bd7 17. Nd6 b6 18. Bc4 Ne8 19. Rd1 Bc6 20. Bg5 Nxd6 21.
Rxd6 Rfc8 22. Ba6 Bf8 23. Rxc6 Rxc6 24. Bb7 Rac8 25. Rd1 R8c7 26. Bxc6 Rxc6 27.
Kf1 f6 28. Be3 Rd6 29. Ra1 f5 30. Ke2 Rd5 31. a4 e4 32. f3 exf3+ 33. Kxf3 Kf7
34. Ke2 Ke6 35. c4 Re5 36. Kd3 Bb4 37. Rc1 Re4 38. b3 Kd6 39. h3 h5 40. Rf1 Kc6
41. Rf3 Re6 1/2-1/2

[Event "International Tournament "]
[Site "Pool "]
[Date "2022.07.08"]
[Round "1.26"]
[White "Bazyrtsyrenov, Kirill"]
[Black "Menezes, Christoph"]
[Result "1/2-1/2"]
[WhiteElo "2147"]
[BlackElo "2417"]
[PlyCount "85"]
[EventDate "2022.07.08"]

1. e4 c5 2. Nf3 d6 3. d4 cxd4 4. Nxd4 Nf6 5. Nc3 a6 6. h4 e5 7. Nb3 Be7 8. Bg5
Be6 9. g3 Nbd7 10. Bg2 O-O 11. O-O h6 12. Bxf6 Nxf6 13. Nd5 Nxd5 14. exd5 Bd7
15. c4 Rc8 16. Rc1 b6 17. Nd2 f5 18. b4 b5 19. Qb3 Kh8 20. Rc2 bxc4 21. Nxc4 f4
22. Be4 g5 23. h5 g4 24. Na5 Rxc2 25. Bxc2 Bg5 26. Nc6 Qb6 27. Be4 fxg3 28.
Qxg3 Rf4 29. Re1 Be8 30. a4 Bxh5 31. a5 Qb7 32. Qd3 Bh4 33. Re2 Qf7 34. Qe3 g3
35. f3 Bg5 36. Qa7 Qxa7+ 37. Nxa7 Bxf3 38. Bxf3 Rxf3 39. b5 axb5 40. Nxb5 Rb3
41. Nxd6 Rb1+ 42. Kg2 Ra1 43. Nf7+ 1/2-1/2

[Event "International Tournament "]
[Site "Pool "]
[Date "2022.07.08"]
[Round "1.27"]
[White "Amartuvshin, Ganzorig"]
[Black "Papaioannou, Dimitrios"]
[Result "1-0"]
[WhiteElo "2409"]
[BlackElo "2142"]
[PlyCount "43"]
[EventDate "2022.07.08"]

1. d4 Nf6 2. c4 g6 3. Nc3 Bg7 4. e4 d6 5. Be2 O-O 6. Nf3 e5 7. d5 a5 8. Bg5 h6
9. Be3 Ng4 10. Bd2 f5 11. h3 Nf6 12. exf5 gxf5 13. Qc1 f4 14. g3 Na6 15. gxf4
e4 16. Nd4 Nxd5 17. Nxd5 Bxd4 18. Bc3 c5 19. Qd2 e3 20. Rg1+ Kh7 21. fxe3 Qh4+
22. Kd1 1-0

[Event "International Tournament "]
[Site "Pool "]
[Date "2022.07.08"]
[Round "1.28"]
[White "Marjanovic, Rastko"]
[Black "Shahil, Dey"]
[Result "0-1"]
[WhiteElo "2140"]
[BlackElo "2402"]
[PlyCount "130"]
[EventDate "2022.07.08"]

1. e4 c5 2. c3 d5 3. exd5 Qxd5 4. Nf3 Nc6 5. Na3 Bg4 6. Be2 Nf6 7. O-O e5 8. d3
Be7 9. Re1 O-O 10. Nc4 Bc8 11. Bf1 Nd7 12. Qb3 f6 13. Qd1 Nb6 14. Nxb6 axb6 15.
Nd2 Be6 16. Nc4 Qd8 17. f4 b5 18. Na3 b4 19. Nc4 b5 20. f5 Bxf5 21. Qf3 Bd7 22.
Ne3 Kh8 23. Bd2 Rc8 24. Nf5 Be6 25. Nxe7 Qxe7 26. Qf2 bxc3 27. bxc3 c4 28. a4
bxa4 29. Rxa4 cxd3 30. Bxd3 f5 31. Bb5 Bd5 32. c4 Be4 33. Bxc6 Bxc6 34. Bb4 Qf6
35. Ra5 Rfe8 36. Bc3 Be4 37. Rc5 Rxc5 38. Qxc5 h6 39. Qb5 Re6 40. Qb2 Qe7 41.
Qf2 Rg6 42. g3 Rc6 43. Qb2 Qc5+ 44. Qf2 Qd6 45. Qb2 Rxc4 46. Rc1 Qc5+ 47. Qf2
Qc8 48. Qd2 Qc5+ 49. Qf2 Qc7 50. Qd2 Bb7 51. Bb2 Qc5+ 52. Kf1 Rxc1+ 53. Qxc1
Qd5 54. Qc3 Qh1+ 55. Ke2 Qxh2+ 56. Ke1 Qg1+ 57. Kd2 Qf2+ 58. Kc1 Be4 59. Qc8+
Kh7 60. Qc3 Kg6 61. Ba3 Qf3 62. Qxf3 Bxf3 63. Kd2 f4 64. Bd6 Kf5 65. gxf4 exf4
0-1

[Event "International Tournament "]
[Site "Pool "]
[Date "2022.07.08"]
[Round "1.29"]
[White "Muthaiah, Al"]
[Black "Nikolov, Yavor"]
[Result "1-0"]
[WhiteElo "2401"]
[BlackElo "2138"]
[PlyCount "41"]
[EventDate "2022.07.08"]

1. Nf3 d5 2. g3 Nf6 3. Bg2 c5 4. O-O Nc6 5. d4 e6 6. c4 Be7 7. cxd5 Nxd5 8. Nc3
O-O 9. dxc5 Nxc3 10. bxc3 Bxc5 11. Rb1 e5 12. Rb5 b6 13. Qc2 Bd7 14. Rd1 Qe8
15. Ng5 g6 16. Rxc5 bxc5 17. Ne4 f5 18. Nxc5 Bc8 19. Bh6 e4 20. Bxf8 Qxf8 21.
Nxe4 1-0

[Event "International Tournament "]
[Site "Pool "]
[Date "2022.07.08"]
[Round "1.30"]
[White "Ufimtsev, Egor"]
[Black "Harshavardhan, G B."]
[Result "1/2-1/2"]
[WhiteElo "2137"]
[BlackElo "2397"]
[Annotator "Balkanchess"]
[PlyCount "62"]
[EventDate "2022.07.08"]

{...59} 1. Nf3 c5 2. c4 Nc6 3. d4 cxd4 4. Nxd4 g6 5. Nc3 Bg7 6. e3 Nf6 7. Be2
O-O 8. O-O d6 9. b3 Bd7 10. Bb2 a6 11. Rc1 Rb8 12. Qd2 Nxd4 13. Qxd4 Bc6 14.
Qd2 Qd7 15. Rfd1 Rfc8 16. Nd5 Bxd5 17. Bxf6 Bxf6 18. Qxd5 Qe8 19. c5 dxc5 20.
Rxc5 Rd8 21. Qe4 Rxd1+ 22. Bxd1 Qd8 23. Qc2 b5 24. g3 Kg7 25. Bf3 Qa5 26. Kg2
Rd8 27. Rd5 Rxd5 28. Bxd5 Qa3 29. Bb7 b4 30. Qe2 a5 31. Qc2 Qb2 1/2-1/2

[Event "International Tournament "]
[Site "Pool "]
[Date "2022.07.08"]
[Round "1.31"]
[White "Harikrishnan.A.Ra"]
[Black "Srdanovic, Jovana"]
[Result "0-1"]
[WhiteElo "2396"]
[BlackElo "2136"]
[PlyCount "118"]
[EventDate "2022.07.08"]

1. Nf3 d5 2. g3 c6 3. Bg2 Nf6 4. O-O Bf5 5. d3 e6 6. Nbd2 Be7 7. Qe1 h6 8. e4
Bh7 9. Qe2 O-O 10. Ne5 Na6 11. Kh1 Nb4 12. c3 Na6 13. f4 Nc5 14. g4 dxe4 15.
dxe4 Nfd7 16. Nef3 Re8 17. Rd1 Qc7 18. e5 Nd3 19. Nc4 Nxc1 20. Raxc1 Nb6 21.
Ne3 Rad8 22. Nd4 a6 23. Bf3 Rd7 24. Qg2 Red8 25. Be4 Bxe4 26. Qxe4 c5 27. Nf3
Rxd1+ 28. Rxd1 Rxd1+ 29. Nxd1 Qd7 30. Ne3 Na4 31. Qc2 Qc6 32. Kg2 c4 33. Qe2
Qe4 34. Qxc4 Qxe3 35. Qxa4 Qe2+ 36. Kg3 Bc5 37. Nd4 Qe3+ 38. Kg2 Qxf4 39. Qe8+
Kh7 40. h3 Qe4+ 41. Kf1 Qb1+ 42. Ke2 Qxb2+ 43. Kd3 Bxd4 44. cxd4 Qa3+ 45. Ke4
Qxa2 46. Ke3 Qb3+ 47. Kf2 Qc2+ 48. Kg3 Qd3+ 49. Kg2 Qe4+ 50. Kf1 Qf3+ 51. Ke1
b5 52. h4 b4 53. d5 Qxd5 54. Qxf7 Qxe5+ 55. Kd2 Qd4+ 56. Ke1 Qxg4 57. h5 b3 58.
Kd2 b2 59. Kc2 Qf5+ 0-1

[Event "International Tournament "]
[Site "Pool "]
[Date "2022.07.08"]
[Round "1.32"]
[White "Radisavljevic, Dalibor"]
[Black "Damjanovic, Vuk"]
[Result "0-1"]
[WhiteElo "2135"]
[BlackElo "2393"]
[PlyCount "126"]
[EventDate "2022.07.08"]

1. e4 c5 2. Nf3 Nc6 3. d4 cxd4 4. Nxd4 g6 5. Nc3 Bg7 6. Be3 Nf6 7. Be2 O-O 8.
Nb3 d6 9. O-O Be6 10. f4 b5 11. Bf3 Rc8 12. Nd5 a5 13. a4 bxa4 14. Rxa4 Rb8 15.
Nxf6+ exf6 16. f5 Bd7 17. Ra1 Qc7 18. Be2 Rb4 19. Nd2 Ne5 20. Qc1 Rfb8 21. b3
Bc6 22. c3 Rxe4 23. Nxe4 Bxe4 24. fxg6 hxg6 25. Ra3 Qc6 26. Rf2 d5 27. Bd4 Qe6
28. Qf4 g5 29. Qg3 Bf8 30. Rxa5 Bd6 31. Qh3 Qxh3 32. gxh3 Nc6 33. Ra6 Nxd4 34.
cxd4 Bf4 35. Rxf4 gxf4 36. Rxf6 Rxb3 37. Rxf4 Rb4 38. Bh5 Rb7 39. Kf2 f5 40.
Bf3 Rb4 41. Bh5 Kg7 42. Be2 Rxd4 43. Ke3 Ra4 44. Rf2 Kf6 45. Kf4 Bb1+ 46. Kg3
Ke5 47. Bf3 Ra3 48. Kh4 Be4 49. Bh5 d4 50. Kg5 Rxh3 51. Bg6 d3 52. Bxf5 Bxf5
53. Rxf5+ Ke4 54. Rf2 Ke3 55. Ra2 d2 56. Ra3+ Ke4 57. Rxh3 d1=Q 58. Rh4+ Ke5
59. h3 Qd2+ 60. Kg6 Qd6+ 61. Kh5 Kf5 62. Rg4 Qd8 63. Kh6 Qh8# 0-1

[Event "International Tournament "]
[Site "Pool "]
[Date "2022.07.08"]
[Round "1.33"]
[White "Pavlov, Mark"]
[Black "Kairbekova, Amina"]
[Result "0-1"]
[WhiteElo "2385"]
[BlackElo "2133"]
[PlyCount "92"]
[EventDate "2022.07.08"]

1. d4 Nf6 2. Nf3 g6 3. g3 Bg7 4. Bg2 c5 5. d5 d6 6. O-O b5 7. a4 b4 8. Re1 O-O
9. e4 Nbd7 10. Nbd2 a5 11. Rb1 Ba6 12. b3 Qc7 13. Bb2 Rad8 14. c4 bxc3 15. Bxc3
Ng4 16. Bxg7 Kxg7 17. Nc4 Nge5 18. Nfd2 Rb8 19. f4 Nxc4 20. bxc4 Rb4 21. Qc2
Nb6 22. Bf1 Rb8 23. e5 Nxa4 24. Ra1 Rb2 25. exd6 exd6 26. Qc1 Qd7 27. Rxa4 Qxa4
28. Qc3+ Kg8 29. Ne4 Qb4 30. Nf6+ Kf8 31. Nd7+ Kg8 32. Qe3 Ra8 33. Qe7 Qd2 34.
Nf6+ Kh8 35. Ng4 Qd4+ 36. Kh1 h5 37. Nh6 Rb7 38. Qg5 Kh7 39. Nf5 gxf5 40. Bh3
Qg7 41. Bxf5+ Kg8 42. Qxh5 Bxc4 43. Rd1 Rb2 44. g4 Be2 45. Re1 Bf3+ 46. Kg1
Qd4+ 0-1

[Event "International Tournament "]
[Site "Pool "]
[Date "2022.07.08"]
[Round "1.34"]
[White "Al Atarji, Sami"]
[Black "Anuj, Shrivatri"]
[Result "0-1"]
[WhiteElo "2128"]
[BlackElo "2383"]
[PlyCount "70"]
[EventDate "2022.07.08"]

1. e4 c5 2. Nc3 Nc6 3. f4 g6 4. Nf3 Bg7 5. Bb5 Nd4 6. O-O a6 7. Bc4 b5 8. Bd5
Ra7 9. d3 e6 10. Bb3 d5 11. a4 c4 12. dxc4 dxc4 13. Ba2 b4 14. Ne2 Nxf3+ 15.
gxf3 Qb6+ 16. Kg2 Rc7 17. Qe1 Ne7 18. Qf2 Qxf2+ 19. Kxf2 Bd7 20. Be3 O-O 21. a5
Bb5 22. Bb6 Rcc8 23. Bd4 Nc6 24. Bxg7 Kxg7 25. Rfd1 Nxa5 26. Bb1 Nc6 27. c3
Rfd8 28. Rxd8 Rxd8 29. Ke1 b3 30. e5 a5 31. Be4 a4 32. Bxc6 Bxc6 33. Nd4 Rxd4
34. cxd4 c3 35. bxc3 b2 0-1

[Event "International Tournament "]
[Site "Pool "]
[Date "2022.07.08"]
[Round "1.35"]
[White "Djordjevic, Vuk"]
[Black "Phatak, Aanjaneya"]
[Result "1-0"]
[WhiteElo "2382"]
[BlackElo "2128"]
[PlyCount "98"]
[EventDate "2022.07.08"]

1. e4 c5 2. Nc3 g6 3. g3 Bg7 4. Bg2 Nc6 5. d3 d6 6. Nge2 Rb8 7. Be3 b5 8. a3 a5
9. Qd2 Nd4 10. O-O h5 11. h4 Bd7 12. f3 e6 13. Nd1 Ne7 14. Nc1 b4 15. axb4 axb4
16. Rf2 b3 17. cxb3 Nxb3 18. Nxb3 Rxb3 19. d4 c4 20. Nc3 d5 21. Bg5 Qb6 22. Rd1
f6 23. Bf4 O-O 24. Kh2 Ra8 25. Bh3 Ra7 26. Qe2 Qc6 27. e5 f5 28. Bg5 Kf7 29. g4
Rab7 30. Rd2 Be8 31. Qe3 Nc8 32. gxh5 gxh5 33. Rg2 Ne7 34. Bh6 Bxh6 35. Qxh6
Ng6 36. Qxg6+ Ke7 37. Qf6+ Kd7 38. Rg7+ Kc8 39. Rxb7 Kxb7 40. Qd8 Qd7 41. Qxd7+
Bxd7 42. Kg3 Rb6 43. Kf4 Ra6 44. Bf1 Ra1 45. Rd1 Ra8 46. Rb1 Kc6 47. Rc1 Kb7
48. Ne2 Kb6 49. Rb1 Bc6 1-0

[Event "International Tournament "]
[Site "Pool "]
[Date "2022.07.08"]
[Round "1.36"]
[White "Akin, Yagiz Cinar"]
[Black "Utsab, Chatterjee"]
[Result "1-0"]
[WhiteElo "2125"]
[BlackElo "2377"]
[PlyCount "77"]
[EventDate "2022.07.08"]

1. d4 d5 2. c4 e6 3. Nc3 Nf6 4. cxd5 exd5 5. Bg5 c6 6. e3 Be7 7. Bd3 O-O 8. h3
Ne4 9. Bf4 f5 10. Qb3 Kh8 11. Nge2 Nd7 12. f3 Nd6 13. Qc2 Nb6 14. O-O Be6 15.
b3 a5 16. Qd2 a4 17. Bc2 axb3 18. axb3 Qd7 19. Rxa8 Rxa8 20. Nc1 Qd8 21. Nd3
Nd7 22. Na4 Nf7 23. g4 Qf8 24. Qh2 b5 25. Nac5 Nxc5 26. dxc5 Bxc5 27. Nxc5 Qxc5
28. gxf5 Bd7 29. Bb1 Qb4 30. Qb2 c5 31. Kh1 Bc6 32. Rg1 d4 33. Be4 Bxe4 34.
fxe4 Rg8 35. e5 dxe3 36. e6 Nd8 37. Be5 h6 38. Bxg7+ Kh7 39. Qc2 1-0